000 00811nam a2200241 i 4500
001 83772
003 ES-MaACL
007 t|
008 041118s1979 sp ||||1| spa d
020 _a84-249-3528-4
020 _a84-249-3543-8
100 1 _aIsócrates.
_965584
245 1 0 _aDiscursos /
_cIsócrates ; introducción, traducción y notas de Juan Manueal Guzmán Hermida ; [asesor para la sección griega: Carlos García Gual].
260 _aMadrid :
_bGredos,
_c1979.
300 _a2 v. ;
_c20 cm.
490 1 _aBiblioteca clásica Gredos ;
_v23 y 29
500 _aIndice.
700 1 _aGuzmán Hermida, Juan Manuel.
_961316
700 1 _aGarcía Gual, Carlos.
_954728
830 0 _aBiblioteca clásica Gredos ;
_v23 y 29
_9177556
852 _aES-MaACL
_jL-9160-1
_bR.110929
999 _c83772
_d83772